Metodika tvorby rozšířeného záznamu národních autorit : (pro oblast zpracování tisků 16. století). Osobní jména a korporace : formát MARC21 /

Hlavní autor: Bartl, Zdeněk, 1954-
Korporativní autor: Národní knihovna České republiky
Další autoři: Nejedlý, Tomáš, 1973-, Světlíková, Svojmila, Šimek, Libor, 1973-
Jazyk: Čeština
Vydáno: Praha : Národní knihovna České republiky, 2014
Vydání: Vydání první
Témata:
Externí odkaz: Digitalizovaný dokument
Fyzický popis: 39 stran ; 30 cm
Knihy
Uloženo v:
LEADER 03303nam a2200817 i 4500
001 nkc20152664845
003 CZ PrNK
005 20221027110040.0
007 ta
008 150212s2014 xr f f 000 0 cze
015 |a cnb002664845 
020 |a 978-80-7050-646-2  |q (brožováno) 
035 |a (OCoLC)913563753 
040 |a ABA001  |b cze  |e rda 
043 |a e-xr--- 
045 |a t-y- 
072 7 |a 025.3/.4  |x Katalogizace. Selekční jazyky  |2 Konspekt  |9 12 
080 |a [025.323:025.342]-027.568  |2 MRF 
080 |a 025.342+025.48-027.542  |2 MRF 
080 |a 025.323-028.5  |2 MRF 
080 |a 025.323-027.522  |2 MRF 
080 |a 025.3  |2 MRF 
080 |a 025.3/.4:006.44  |2 MRF 
080 |a [025.342+025.48]:006.3  |2 MRF 
080 |a 025.3  |2 MRF 
080 |a 025.3/.4:094/099  |2 MRF 
080 |a 094  |2 MRF 
080 |a (437.3)  |2 MRF 
080 |a (072)  |2 MRF 
100 1 |a Bartl, Zdeněk,  |d 1954-  |7 jn19990209017  |4 aut 
245 1 0 |a Metodika tvorby rozšířeného záznamu národních autorit :  |b (pro oblast zpracování tisků 16. století).  |p Osobní jména a korporace : formát MARC21 /  |c Z. Bartl, T. Nejedlý, S. Světlíková, L. Šimek, NK ČR 
246 3 0 |a Osobní jména a korporace 
250 |a Vydání první 
264 1 |a Praha :  |b Národní knihovna České republiky,  |c 2014 
300 |a 39 stran ;  |c 30 cm 
336 |a text  |b txt  |2 rdacontent 
337 |a bez média  |b n  |2 rdamedia 
338 |a svazek  |b nc  |2 rdacarrier 
648 7 |a 16. století  |7 ch460554  |2 czenas 
648 7 |a 21. století  |7 ch460559  |2 czenas 
650 0 7 |a soubory jmenných autorit  |7 ph222866  |2 czenas 
650 0 7 |a soubory národních autorit  |7 ph675583  |2 czenas 
650 0 7 |a personální záhlaví  |7 ph384527  |2 czenas 
650 0 7 |a korporativní záhlaví  |7 ph135745  |2 czenas 
650 0 7 |a jmenná katalogizace  |7 ph114837  |2 czenas 
650 0 7 |a MARC 21 formát  |7 ph198699  |2 czenas 
650 0 7 |a formáty pro autority  |7 ph224741  |2 czenas 
650 0 7 |a RDA (katalogizační pravidla)  |7 ph414359  |2 czenas 
650 0 7 |a katalogizace starých tisků  |7 ph114883  |z Česko  |y 21. století  |2 czenas 
650 0 7 |a staré tisky  |7 ph116268  |y 16. století  |2 czenas 
650 0 9 |a name authority files  |2 eczenas 
650 0 9 |a national authority files  |2 eczenas 
650 0 9 |a personal headings  |2 eczenas 
650 0 9 |a corporate body headings  |2 eczenas 
650 0 9 |a name cataloging  |2 eczenas 
650 0 9 |a MARC 21 format  |2 eczenas 
650 0 9 |a formats for authorities  |2 eczenas 
650 0 9 |a Resource Description and Access  |2 eczenas 
650 0 9 |a cataloging of old prints  |z Czechia  |y 21st century  |2 eczenas 
650 0 9 |a old prints  |y 16th century  |2 eczenas 
655 7 |a metodické příručky  |7 fd132826  |2 czenas 
655 9 |a methodological manuals  |2 eczenas 
700 1 |a Nejedlý, Tomáš,  |d 1973-  |7 xx0200681  |4 aut 
700 1 |a Světlíková, Svojmila  |7 jo2007269970  |4 aut 
700 1 |a Šimek, Libor,  |d 1973-  |7 xx0200683  |4 aut 
710 2 |a Národní knihovna České republiky  |7 kn20010709069  |4 aut 
856 4 1 |u http://www.digitalniknihovna.cz/mzk/uuid/uuid:f1ddf2a0-1761-11e6-ae73-005056827e51  |y Digitalizovaný dokument  |x NDK 
910 2 |a BOA001  |b 4-1350.191 
990 |a BK 
995 |a 01 
996 6 |b 2610638044  |c 4-1350.191  |l MZK  |r Sklad / do 1 hodiny  |n 1  |p p.v.  |w 001510445  |u 000010  |a 1  |e BOA001  |j MZK50  |s P